|
|
|
|
| LEADER |
01931cas a2200241 a 4500 |
| 001 |
AALejournalIMF014124 |
| 008 |
230101c9999 xx r poo 0 0eng d |
| 020 |
|
|
|c 5.00 USD
|
| 020 |
|
|
|z 9781484340554
|
| 022 |
|
|
|a 1934-7685
|
| 040 |
|
|
|a BD-DhAAL
|c BD-DhAAL
|
| 110 |
2 |
|
|a International Monetary Fund.
|b African Dept.
|
| 245 |
1 |
0 |
|a Zambia :
|b 2013 Article IV Consultation.
|
| 264 |
|
1 |
|a Washington, D.C. :
|b International Monetary Fund,
|c 2014.
|
| 300 |
|
|
|a 1 online resource (86 pages)
|
| 490 |
1 |
|
|a IMF Staff Country Reports
|
| 500 |
|
|
|a <strong>Off-Campus Access:</strong> No User ID or Password Required
|
| 500 |
|
|
|a <strong>On-Campus Access:</strong> No User ID or Password Required
|
| 506 |
|
|
|a Electronic access restricted to authorized BRAC University faculty, staff and students
|
| 520 |
3 |
|
|a This Information Annex highlights that safeguards assessments of the Bank of Zambia (BoZ) were completed in June 2004, January 2009, and October 2010. The 2009 assessment concluded that the bank had adequate safeguards in several areas, but confirmed the existence of certain vulnerabilities in the BoZ's legal framework and financial reporting. The 2010 update report concluded that the BoZ had made progress in implementing safeguards recommendations. The IMF staff noted improvements in the internal audit and internal control mechanisms. Weak statutory independence remains a substantive safeguards concern. Further, Zambia continues to maintain an exchange restriction, which is subject to IMF approval under Article VIII, arising from limitations imposed by the government on access to foreign exchange for the making of payments and transfers for current international transactions.
|
| 538 |
|
|
|a Mode of access: Internet
|
| 830 |
|
0 |
|a IMF Staff Country Reports; Country Report ;
|v No. 2014/005
|
| 856 |
4 |
0 |
|z Full text available on IMF
|u http://elibrary.imf.org/view/journals/002/2014/005/002.2014.issue-005-en.xml
|z IMF e-Library
|